Europäische Länder, die mit Doppelkonsonanten beginnen - Statistiken

Allgemein
  • Dieses Quiz wurde 663 mal gespielt
  • Das Durchschnittsergebnis liegt bei 7 aus 9
Antwortstatistiken
Land % Korrekt
Schweden
88%
Spanien
86%
Schweiz
80%
Slowenie
79%
Frankreich
77%
Slowakei
75%
Griechenland
74%
Tschechien
72%
Kroatien
68%
Keine übereinstimmenden Quizze gefunden
Verteilung der Resultate
Anzahl Personen mit jedem Resultat
Perzentil nach korrekt beantworteten Fragen
Ihre Resultats-Entwicklung
Sie haben dieses Quiz noch nicht gespielt